000 00332 a2200157 4500
001 59475
020 _a
040 _cAnchieta - Pituba
100 _aYolen, Maria
240 1 0 _aThe haunted river
_lIng
245 1 0 _aThe haunted river
300 _a22
362 0 _a1988
650 4 _aLiteratura juvenil em inglês
942 _cBK
999 _c59475
_d59475